Pokémon Noir et Blanc : Culture Générale #2 - Statistiques

Statistiques générales
  • Ce quiz a été pris 76 fois
  • Le résultat moyen est 11 sur 30
Statistiques - réponses
Question Réponse % Correct
Lequel de ces Pokémons n'appartient à aucun dresseur de la Tour des Cieux Fermite
82%
A qui appartient la villa dans laquelle nous trouvons Cynthia à Vaguelone ? Percila
82%
Lequel de ces noms anglais de Pokémons ne correspond pas à celui d'un Pokémon de type PLANTE ? Axew
73%
Quel est le nom de la soeur d'Oryse qui est aussi la personne qui nous remet le Registre Ami et qui s'occupe du Système de Stockage des Pokémons à Unys ? Boletta
73%
Lequel de ces Pokémons n'est jamais utilisé par N lors d'un combat ? Couaneton
73%
A quel niveau sont Cobaltium, Terrakium et Viridium lorsqu'on les affronte ? 42
68%
Quel est le nom de la famille riche que l'on affronte à Vaguelone ? Colay-Monthé
68%
Lequel de ces Modules (Objets changeant le type de l'attaque TechnoBuster) n'existe pas ? Module Aéro
55%
Lequel de ces Pokémons ne possède pas 125 en base d'Attaque Spéciale ? Zoroark
55%
Quelle CT nous est remise par Carolina, championne de l'Arène de Parsemille ? Acrobatie
45%
Lequel de ces Pokémons ne se trouve pas à l'Autel Abondance ? Boustiflor
41%
Lequel de ces Pokémons possède la statistique en PV la plus basse ? Doudouvet
41%
Lequel de ces Pokémons ne peut-on pas trouver à la Forêt Blanche ? Obalie
41%
Laquelle de ces propositions concernant Janusia est la seule à être correcte ? Le Prof. Keteleeria remet la Master Ball au héros seulement après avoir battu le Champion d'Arène.
32%
Sur la Route 7, il est possible de faire un échange avec un Montagnard, celui-ci demandant un Géolithe en proposant son Emolga. Quel est le surnom de Emolga ? Patacrêpe
27%
Quel objet nous est remis par un Ouvrier au Centre Commercial R9 ? Pierrefoudre
27%
Quel thème de Pokémon Or HeartGold et Argent SoulSilver peut-être entendu dans un des bâtiments de Game Freak à Volucité ? Thème de la Team Rocket.
27%
Parmi ces 5 Baies qui affaiblissent les dégâts occasionnés par une capacité super efficace, quelle est la seule que l'on ne peut pas trouver dans le jeu ? Baie Panga
23%
Parmi ces propositions concernant le Mushana capturable aux Vestiges des Rêves, laquelle est incorrecte ? Il tient une Cuillère Tordue
23%
Lequel de ces objets ne peut pas être obtenu en tant que récompense pour avoir battu (selon le jour de la semaine) tous les dresseurs de l'Etoile d'Unys (paquebot de Volucité) ? Limonade
23%
Lequel de ces objets trouvables dans les Ruines des Abysses se revend le plus cher ? Vieux Tortil
23%
Quel est le nom du groupe des Motards que l'on affronte le vendredi soir au Pont Ferroviaire (avant qu'ils ne changent de nom) ? Black Pingoléon
18%
Lequel de ces Pokémons ne peut pas être pêché dans le jeu ? Léviator
18%
Laquelle de ces capacités n'est pas contenue dans le Moveset de Victini lorsqu'on l'affronte au Phare Liberté ? Puissance
18%
Parmi ces routes d'Unys, sur laquelle d'entre elles nous n'affrontons pas Tcheren ? Route 7
18%
Laquelle de ces CT ne coûte pas 48 PCo au Métro de Combat ? Vantardise
18%
Quel Sage de la Team Plasma se trouve à la Grotte Electrolithe après avoir battu la Ligue Pokémon ? Alezan
14%
Lequel de ces Pokémons correspond à celui qui apparaît en Troupeau sur la Route 13 ? Polichombr
14%
Question pour psychorigides. Notons r le numéro d'un Pokémon dans le Pokédex Régional d'Unys et n le numéro du même Pokémon dans le Pokédex National. Laquelle de ces propositions est correcte ? L'équation n = 14r admet pour solution Charpenti
9%
Lequel de ces 5 Pokémons possède le plus bas Taux de Capture ? Bargantua
5%
Aucun quiz correspondant
Distribution des résultats
% des personnes avec chaque résultat
Percentile par nombre de réponses
Votre historique - résultats
Vous n’avez pas pris ce quiz